000 01291nam0a22003251 4500
001 rc\4839692
005 20260407093538.0
021 _aRU
_b[63-76665]
035 _a(NLR Aleph) 008892784
090 _a8653108
_c8653107
100 _a20130426d1963 |||y0rusy50 ca
101 0 _arus
102 _aRU
105 _aab z |||||
200 1 _aТехническая инструкция по магнитной разведке
_fГос. геол. ком. СССР
210 _aМосква
_cГосгеолтехиздат
_d1963
215 _a247 с., 2 отд. л. карт.
_cчерт.
_d22
300 _aНа 4-й с. сост.: Ю.С. Глебовский, А.Е. Шариков, В.Е. Никитский, О.Н. Соловьев
320 _aБиблиогр.: с. 240-244
606 _aМагнитометрическая разведка
_2psbo
702 1 _aШариков
_bА.Е.
_4220
702 1 _aНикитский
_bВ.Е.
_4220
702 1 _aГлебовский
_bЮ.С.
_gЮрий Сергеевич
_4220
702 1 _aСоловьев
_bО.Н.
_4220
712 0 1 _aСССР
_bГеологический комитет
_3RU\NLR\AUTH\889917180
_9330529
801 0 _aRU
_bNLR
_gpsbo
801 1 _aRU
_bELAR
_2rusmarc
852 _aNLR
_j63-5/5064
942 _cBOOK
980 _aNB